000 00927cam a2200229 a 4500
020 _a9780691149707 (hardcover : alk. paper)
020 _a9780691149714 (pbk. : alk. paper)
082 0 0 _a301.072
100 1 _aGoertz, Gary,
_d1953-
245 1 2 _aA tale of two cultures :
_bqualitative and quantitative research in the social sciences /
_cGary Goertz and James Mahoney.
260 _aPrinceton, N.J. :
_bPrinceton University Press,
_c2012.
300 _aviii, 238 p. :
_bill. ;
_c24 cm.
504 _aIncludes bibliographical references and index.
650 0 _aPolitical science
_981965
650 0 _aPolitical sociology
_981966
650 0 _aSocial sciences
_991
700 1 _aMahoney, James,
_d1968-
_981967
942 _2ddc
_cBK
999 _c586323
_d586323